Herby miast w województwie podkarpackim cz.3 - Statystyki

Ogólne statystyki
  • Ten quiz został rozwiązany 14 razy
  • Średni wynik to 10 z 17
Statystyki odpowiedzi
Obrazkowy Odpowiedź % Poprawnych
Stalowa Wola
100%
Tarnobrzeg
86%
Iwonicz-Zdrój
71%
Jawornik Polski
71%
Kolbuszowa
71%
Przeworsk
71%
Sędziszów Małopolski
71%
Błażowa
57%
Jasło
57%
Narol
57%
Nowa Sarzyna
57%
Rymanów
57%
Brzostek
43%
Oleszyce
43%
Pruchnik
43%
Radomyśl Wielki
43%
Ulanów
43%
Nie znaleziono quizów pasujących do podanych kryteriów
Rozkład punktacji
Procent ludzi z każdym wynikiem
Percentyl według liczby udzielonych odpowiedzi
Twoja historia wyników
Nie rozwiązałeś tego quizu